[Oslava 83. výročia narodenia Terézie Vansovej]

Zobrazenie: Terézia Vansová s chovanicou Oľgou Medveckou, rodenou Vranou (sprava 1.), opatrovateľkou a Milošom Štefanom Koskom v deň jej 83. narodenín v Banskej Bystrici, 18.4.1940.

Bibliographic Details
Format: Photo
Language:Slovak
PhysicalDescription:1 fotografia čb 19 x 3 cm
Published: [S.l. s.n.] 1940
Subjects:

MARC

LEADER 00000nkmaa2200000 a 4500
001 vtls011553919
003 SK-MaSNL
005 20260301092159.0
007 kh bo
008 230802e1940 xo | |||0 k|slo
035 |a urn:nbn:sk:snk-km00cpmy 
035 |a urn:nbn:sk:snk-km3lqzu 
035 |a 26DE063F-9ADE-418C-9F06-5EB3B9435D05 
040 |a SNKLA  |b slo  |c SNKLA  |e AACR2 
041 0 |a slo 
044 |a xo  |c SK 
245 0 0 |a [Oslava 83. výročia narodenia Terézie Vansovej]  |h grafika 
260 |a [S.l.  |b s.n.]  |c 1940 
300 |a 1 fotografia  |b čb  |c 19 x 3 cm 
520 2 |a Zobrazenie: Terézia Vansová s chovanicou Oľgou Medveckou, rodenou Vranou (sprava 1.), opatrovateľkou a Milošom Štefanom Koskom v deň jej 83. narodenín v Banskej Bystrici, 18.4.1940. 
600 1 7 |a Vansová, Terézia,  |d 1857-1942  |2 SNKMA  |9 107793 
600 1 7 |a Medvecká-Vraná, Oľga,  |d 1884-1959  |2 SNKLA  |9 173629 
600 1 7 |a Koska, Miloš Štefan  |2 SNKLA  |9 422638 
650 0 7 |a jubileá  |2 SNKPH  |9 29624 
651 7 |a Banská Bystrica (Slovensko)  |2 SNKPH  |9 22015 
655 7 |a fotografie  |2 SNKPH  |9 70713 
852 |a Slovenská národná knižnica  |b Literárny archív 
852 7 |a Slovenská národná knižnica  |b Literárny archív 
958 |a ZO 
958 |a BLA 
999 |c 673166  |d 675096 
952 |a SNKLA  |b SNKLA  |c SNKLA_DEP  |y NEVYP  |7 0  |p 17A1008249  |o snkK 18a/23  |i snkLA 33/1956  |0 0  |1 0  |4 0  |d 2016-05-20  |f 1  |l 0  |r 2026-02-23 19:32:53  |w 2026-02-23